| 000 | 00696nam a22002177a 4500 | ||
|---|---|---|---|
| 005 | 20150707165304.0 | ||
| 008 | 140714b xxu||||| |||| 00| 0 Urdu d | ||
| 010 | _aUR-9172 | ||
| 020 | _c150.00 | ||
| 035 | _aU-7727 | ||
| 037 | _bBPPD/Pub/Ven | ||
| 040 |
_aDPL _bUrdu |
||
| 082 | _a841 | ||
| 100 | _aعطا عا بد ی | ||
| 245 |
_aز ند گی،ز ند گی اور ز ند گی _cعطا عا بد ی |
||
| 246 | h |
_aZindagi,Zindagi Aur Zindagi _bBy Ata Abidi |
|
| 260 |
_bMaktaba Afkar _c2010 _aBihar |
||
| 270 |
_aBetul Atta Mehlla Faqeera Khan,Urdu Bazar Darbhanga, _bBihar _k9934296773 _e846004 |
||
| 300 |
_a128ص _c22Cm (Hb) |
||
| 942 |
_2ddc _cUR _e _h841 _mع ط ا |
||
| 999 |
_c94720 _d94720 |
||